000 00702nam a2200229Ia 4500
001 15378
003 GE_BSU
008 181216s||||||||xx |||||||||||||| ||und||
040 _cGE_BSU
080 _a821.353.1-1
100 _aქუჩიშვილი,გიორგი
245 _aთხზულებანი. ტ.1
245 _bლექსები
245 _cშალვა რადიანის წინასიტყვ.
260 _aთბილისი
260 _bსახელგამი
260 _c1946
300 _a432გვ.1ფ.პორტრ.20სმ.
653 _aთხზულებანი.
653 _aლექსები
942 _cBK
999 _c48483
_d48483